00329nam a2200121Ia 4500008004100000041000800041082001600049100001800065245004400083260003800127300003100165365001100196240624s9999 xx 000 0 und d aeng a658.404 BRO aBROWN KAREN A aMANAGING PROJECTS A TEAM BASED APPROACH c2010aNew DelhibTata McGraw-Hill axvi, : 416 : p. : cm. ; 26 cRSb33